Southville International School and Colleges
Your cart is empty.
  • Cart
  • Lists
    Public lists Eva Luna New books Lux_list list_1
    Your lists Log in to create your own lists
  • Log in to your account
  • Your cookies
  • Search history
Southville International School and Colleges
  • Advanced search
  • Recent comments
  • Most popular
  • Libraries

Log in to your account

Log in with GOOGLE


If you do not have an external account, but do have a local account, you can still log in:

  1. Home
  2. MARC view: Assassinations & conspiracies
Normal view MARC view ISBD view

Assassinations & conspiracies (Record no. 17115)

[ view plain ]
MARC details
000 -LEADER
fixed length control field 01269cam a2200397 a 4500
001 - CONTROL NUMBER
control field 13041068
003 - CONTROL NUMBER IDENTIFIER
control field OSt
005 - DATE AND TIME OF LATEST TRANSACTION
control field 20140310182902.0
008 - FIXED-LENGTH DATA ELEMENTS--GENERAL INFORMATION
fixed length control field 021218s2002 ph b 001 0 eng
010 ## - LIBRARY OF CONGRESS CONTROL NUMBER
LC control number 2002359405
020 ## - INTERNATIONAL STANDARD BOOK NUMBER
International Standard Book Number 9712712184
035 ## - SYSTEM CONTROL NUMBER
System control number (DLC) 2002359405
037 ## - SOURCE OF ACQUISITION
Source of stock number/acquisition Library of Congress -- Jakarta Overseas Office
Terms of availability P295.00
040 ## - CATALOGING SOURCE
Original cataloging agency DLC
Transcribing agency DLC
042 ## - AUTHENTICATION CODE
Authentication code lcode
043 ## - GEOGRAPHIC AREA CODE
Geographic area code a-ph---
050 00 - LIBRARY OF CONGRESS CALL NUMBER
Classification number DS 668
Item number .M385 2002
082 ## - DEWEY DECIMAL CLASSIFICATION NUMBER
Classification number FIL 634.1524 .M385 2002
Item number .M385 2002
100 1# - MAIN ENTRY--PERSONAL NAME
Personal name Martinez, Manuel F.
Fuller form of name (Manuel Festin)
245 10 - TITLE STATEMENT
Title Assassinations & conspiracies
Remainder of title from Rajah Humabon to Imelda Marcos
Statement of responsibility, etc Martinez, Manuel F.
246 3# - VARYING FORM OF TITLE
Title proper/short title Assassinations and conspiracies
246 30 - VARYING FORM OF TITLE
Title proper/short title From Rajah Humabon to Imelda Marcos
260 ## - PUBLICATION, DISTRIBUTION, ETC. (IMPRINT)
Place of publication, distribution, etc Manila
Name of publisher, distributor, etc Anvil
Date of publication, distribution, etc c2002
300 ## - PHYSICAL DESCRIPTION
Extent 201 p.
Dimensions 22 cm.
504 ## - BIBLIOGRAPHY, ETC. NOTE
Bibliography, etc Includes bibliographical references (p. 192-193) and index.
521 ## - TARGET AUDIENCE NOTE
Target audience note
526 ## - STUDY PROGRAM INFORMATION NOTE
Reading level 1210L-1700L
541 ## - IMMEDIATE SOURCE OF ACQUISITION NOTE
-- 1
562 ## - COPY AND VERSION IDENTIFICATION NOTE
Number of copies 1
650 #0 - SUBJECT ADDED ENTRY--TOPICAL TERM
Topical term or geographic name as entry element Assassination
Geographic subdivision Philippines.
650 #0 - SUBJECT ADDED ENTRY--TOPICAL TERM
Topical term or geographic name as entry element Conspiracies
Geographic subdivision Philippines.
651 #0 - SUBJECT ADDED ENTRY--GEOGRAPHIC NAME
Geographic name Philippines
General subdivision History.
906 ## - LOCAL DATA ELEMENT F, LDF (RLIN)
a 7
b cbc
c origode
d 3
e ncip
f 20
g y-gencatlg
942 ## - ADDED ENTRY ELEMENTS (KOHA)
Source of classification or shelving scheme Library of Congress Classification
Koha item type Books
Call number prefix Filipininana
Holdings
Withdrawn status Lost status Source of classification or shelving scheme Damaged status Home library Current library Shelving location Date acquired Total Checkouts Total Renewals Full call number Barcode Date last seen Date checked out Copy number Price effective from Koha item type
    Library of Congress Classification   College Library College Library Filipiniana Section 11/07/2012 3 1 DS 668 .M385 2002 c15612 11/20/2018 11/05/2018 1 11/07/2012 Books

Assassinations & conspiracies

APA

Martinez M. F., . (2002). Assassinations & conspiracies. Manila: Anvil.

Chicago

Martinez Manuel F, . 2002. Assassinations & conspiracies. Manila: Anvil.

Harvard

Martinez M. F., . (2002). Assassinations & conspiracies. Manila: Anvil.

MLA

Martinez Manuel F, . Assassinations & conspiracies. Manila: Anvil. 2002.

  • Place hold
  • Print
  • Cite
  • Add to your cart (remove)
  • Save record
    BIBTEX Dublin Core MARCXML MARC (non-Unicode/MARC-8) MARC (Unicode/UTF-8) MARC (Unicode/UTF-8, Standard) MODS (XML) RIS
  • More searches
    Search for this title in:
    Other Libraries (WorldCat) Other Databases (Google Scholar) Online Stores (Bookfinder.com) Open Library (openlibrary.org)

Exporting to Dublin Core...

SOUTHVILLE LIBRARY

Southville International School and Colleges Library

1281 Tropical Ave. Cor. Luxembourg St., BF Homes International, Las Pinas City

Tel. No. 8256374 / 252358 Loc. 117/146

Powered by Koha